000
00271nam a22001217a 4500
008
170512b xxu||||| |||| 00| 0 eng d
041
_a
eng
080
_2
8TH
_a
94
100
_a
15
101
_a
SHH
245
_a
SOURCES OF THE WESTERN TRADITION
_c
PERRY
942
_2
udc
_c
BK
999
_c
13322
_d
13322